000 00979cad a22002535a 4500
001 E151846
008 101214s2010 xxk f 100 0 eng d
020 _a9781842196199
035 _a(Sirsi) u151846
041 0 _aeng
100 1 _aOzumba, A. O. U.
111 2 _aConstruction and Building Research Conference
_cDauphine Universite, Paris
_d2-3 September 2010
245 0 0 _aIndigenous iron technology evolution
_blessons from Uzu culture of Awka in Nigeria
_h[electronic resource]
260 _aLondon
_bRICS
_c2010
520 _aA paper presented at the COBRA Conference in Paris on 2-3 September 2010.
590 _aKA
650 2 4 _aCONSTRUCTION AND BUILDING RESEARCH CONFERENCE (COBRA)
651 4 _aNigeria
690 _aBUILT ENVIRONMENT-BUILDING MATERIALS-METAL
700 1 _aUdeh, C. A.
700 1 _aShakantu, W. M. W.
856 4 0 _uhttps://www.rics.org/site/scripts/download_info.aspx?fileID=7878&categoryID=720
_zBroken link - not available
942 _n0
999 _c111666
_d111666